Minecraft: Gold Ingot Crafting Recipes - Statistics

General Stats
  • This quiz has been taken 53 times
  • The average score is 15 of 16
Answer Stats
Recipe Answer % Correct
3x Gold Ingot + 2x Stick Golden Pickaxe
98%
1x Gold Ingot + 2x Stick Golden Shovel
98%
2x Gold Ingot + 1x Stick Golden Sword
98%
9x Gold Ingot Block of Gold
95%
3x Gold Ingot + 2x Stick Golden Axe
95%
2x Gold Ingot + 2x Stick Golden Hoe
95%
1x Gold Ingot Gold Nugget
95%
8x Gold Ingot + 1x Apple Golden Apple
93%
8x Gold Ingot Golden Chestplate
93%
5x Gold Ingot Golden Helmet
93%
7x Gold Ingot Golden Leggings
93%
4x Gold Ingot Golden Boots
90%
4x Gold Ingot + 4x Netherite Scrap Netherite Ingot
90%
2x Gold Ingot Light Weighted Pressure Plate
85%
6x Gold Ingot + 1x Redstone Dust + 1x Stick Powered Rail
80%
4x Gold Ingot + 1x Redstone Dust Clock
76%
No matching quizzes found
Score Distribution
Percent of People with Each Score
Percentile by Number Answered
Your Score History
You have not taken this quiz